000 00736nam a22001697a 4500
999 _c14732
_d14732
008 191121b ||||| |||| 00| 0 eng d
082 _22019
_aUT 1356
_bD44
100 _aDe Roda, Rudyard Jr. R.
_940672
245 _aWeb-Based Management System for Municipal Social Welfare and Development Office of Malalag with GIS Mapping and Decision Matrix Analysis/
_cRudyard R. De Roda Jr., Jay Kaiser A. Arellano and Cyril M. Cirilo
260 _aDigos City
_bUMDC
_cApril 2019
300 _a48 pages
_c30cm
650 _aTechnical Program
_vInformation Technology
_xUndergraduate Thesis
_940673
700 _aDe Roda Jr., Rudyard R.
_939135
700 _aArellano, Jay Kaiser A.
_939136
700 _aCirilo, Cyril M.
_939137
942 _2ddc
_cUT